Continents of the World Without a Map - Statistics

General Stats
  • This quiz has been taken 29 times
  • The average score is 7 of 7
Answer Stats
Continents % Correct
Asia
100%
Europe
100%
North America
100%
Oceania
100%
South America
100%
Africa
93%
Antarctica
73%
No matching quizzes found
Score Distribution
Percent of People with Each Score
Percentile by Number Answered
Your Score History
You have not taken this quiz